| 000 | 00825nam a2200277 a 4500 | ||
|---|---|---|---|
| 008 | |||
| 020 | _a9780340814000 (pbk.) | ||
| 049 | _aMAIN | ||
| 090 |
_aQA805 _bBRY |
||
| 100 | 1 | _aBryden, Pat. | |
| 245 | 1 | 0 |
_aMechanics 1 / _cPat Bryden and Cliff Pavelin. |
| 250 | _a3rd edition. | ||
| 260 |
_aLondon : _bHodder & Stoughton, _c2004. |
||
| 300 |
_a312 p. : _bill. ; _c25 cm. |
||
| 440 | _aMEI structured mathematics. | ||
| 500 | _aIncludes index. | ||
| 650 | 0 |
_aMechanics _xMathematics _xProblems, exercises. |
|
| 650 | 0 |
_aMechanics _xMathematics _xExaminations _xStudy guides. |
|
| 700 | _aPorkess, Roger. | ||
| 700 | 1 | _aPavelin, Cliff. | |
| 907 |
_a.b10333356 _b17-06-13 _c14-06-13 |
||
| 003 | |||
| 005 | 20230123122020.0 | ||
| 040 | _cNUST | ||
| 942 |
_cBOOKS _kQA805 _mBRY |
||
| 999 |
_c126335 _d126335 |
||